Mi amigo el pintor / (Record no. 39290)

MARC details
000 -CABECERA
campo de control de longitud fija 00689nam a2200217 a 4500
005 - FECHA Y HORA DE LA ÚLTIMA TRANSACCIÓN
campo de control 20220903164552.0
008 - ELEMENTOS DE LONGITUD FIJA--INFORMACIÓN GENERAL
campo de control de longitud fija 991125s1992 mx 000 0 spa u
020 ## - NÚMERO INTERNACIONAL NORMALIZADO PARA LIBROS
Número Internacional Estándar del Libro 9686026762
035 ## - NÚMERO DE CONTROL DEL SISTEMA
Número de control de sistema UPN01000039290
049 ## - COLECCIÓN
Colección I
050 #4 - SIGNATURA TOPOGRÁFICA DE LA BIBLIOTECA DEL CONGRESO
Número de clasificación PZ83
Número de documento/Ítem N8.48
100 1# - ASIENTO PRINCIPAL--NOMBRE PERSONAL
Nombre de persona Nunes, Lygia Bojunga,
Fechas asociadas al nombre 1932-
9 (RLIN) 29721
245 10 - MENCIÓN DE TÍTULO
Título Mi amigo el pintor /
Mención de responsabilidad, etc. Lygia Bojunga Nunes ; il. Arcadio Lobato ; tr. Mario Merlino.
260 ## - PUBLICACIÓN, DISTRIBUCIÓN, ETC.
Lugar de publicación, distribución, etc. México :
Nombre del editor, distribuidor, etc. Alfaguara :
-- SEP,
Fecha de publicación, distribución, etc. 1992.
300 ## - DESCRIPCIÓN FÍSICA
Extensión 89 p. :
Otras características físicas il.
440 #0 - MENCIÓN DE SERIE/ASIENTO SECUNDARIO--TÍTULO
Título Juvenil Alfaguara ;
Designación de volumen o secuencia 138
534 ## - NOTA SOBRE LA VERSIÓN ORIGINAL
Frase introductoria Traducción de:
Mención de título del original O meu amigo pintor
650 #0 - ASIENTO SECUNDARIO DE MATERIA - TERMINO TEMATICO
Término de materia o nombre geográfico como elemento de entrada Cuentos brasileños
9 (RLIN) 12674
650 #4 - ASIENTO SECUNDARIO DE MATERIA - TERMINO TEMATICO
Término de materia o nombre geográfico como elemento de entrada LITERATURA INFANTIL BRASILEÑA
9 (RLIN) 11916
905 ## - TIPO DE MATERIAL
Tipo de material Infantil
Holdings
Estado de retiro Estado de pérdida Fuente del sistema de clasificación o colocación Estado dañado No para préstamo Código de colección Localización permanente Ubicación/localización actual Ubicación en estantería Fecha de adquisición Clasificación Código de barras Fecha visto por última vez Número de copia Tipo de ítem Koha
    Library of Congress Classification     Infantil Bib. Gregorio Torres Quintero Bib. Gregorio Torres Quintero Sala infantil Planta baja 10/05/2023 PZ83 N8.48 101451 31/12/2020 1 Libro